Diccionario enciclopédico de la Masonería / (Record no. 6714)
[ view plain ]
| 000 -LEADER | |
|---|---|
| campo de control de longitud fija | 01045nam a2200265 i 4500 |
| 001 - NÚMERO DE CONTROL | |
| campo de control | 6714 |
| 003 - IDENTIFICADOR DE NÚMERO DE CONTROL | |
| campo de control | ES-MaACL |
| 005 - FECHA Y HORA DE LA ÚLTIMA TRANSACCIÓN | |
| campo de control | 20250814055359.0 |
| 007 - CAMPO FIJO DE DESCRIPCIÓN FÍSICA--INFORMACIÓN GENERAL | |
| campo de control de longitud fija | t| |
| 008 - DATOS DE LONGITUD FIJA--INFORMACIÓN GENERAL | |
| campo de control de longitud fija | 900301m19881989mx e 00110 spa |
| 080 ## - NÚMERO DE LA CLASIFICACIÓN DECIMAL UNIVERSAL | |
| Número de la Clasificación Decimal Universal | 061.236.6(031) |
| 100 1# - ENTRADA PRINCIPAL--NOMBRE DE PERSONA | |
| Nombre de persona | Frau Abrines, Lorenzo. |
| 9 (RLIN) | 52390 |
| 245 10 - MENCIÓN DEL TÍTULO | |
| Título | Diccionario enciclopédico de la Masonería / |
| Mención de responsabilidad, etc. | escrito y ordenado por Lorenzo Frau Abrines ; y publicado bajo la dirección de Rosendo Arús y Arderiu. |
| 250 ## - MENCION DE EDICION | |
| Mención de edición | Ed. corr. y aum. / |
| Resto de la mención de edición | por Luis Almeida (Villalar). |
| 260 ## - PUBLICACIÓN, DISTRIBUCIÓN, ETC. | |
| Lugar de publicación, distribución, etc. | México : |
| Nombre del editor, distribuidor, etc. | Editorial del Valle de México, |
| Fecha de publicación, distribución, etc. | 1988-1989. |
| 300 ## - DESCRIPCIÓN FÍSICA | |
| Extensión | 5 v. : |
| Otras características físicas | il. ; |
| Dimensiones | 23 cm. |
| 505 8# - NOTA DE CONTENIDO CON FORMATO | |
| Nota de contenido con formato | Contiene: I. A-K - II. L-Richter - III. Riego-Z - IV-V. Historia general de la Francmasonería |
| 610 24 - PUNTO DE ACCESO ADICIONAL DE MATERIA--NOMBRE DE ENTIDAD CORPORATIVA | |
| Nombre de entidad corporativa o nombre de jurisdicción como elemento de entrada | Masonería- |
| Subdivisión de forma | Diccionarios. |
| 9 (RLIN) | 5660 |
| 610 24 - PUNTO DE ACCESO ADICIONAL DE MATERIA--NOMBRE DE ENTIDAD CORPORATIVA | |
| Nombre de entidad corporativa o nombre de jurisdicción como elemento de entrada | Masonería- |
| Subdivisión de forma | Historia |
| 9 (RLIN) | 5668 |
| 700 1# - ENTRADA AGREGADA--NOMBRE PERSONAL | |
| Nombre de persona | Arús y Arderiu, Rosendo. |
| 9 (RLIN) | 23512 |
| 700 1# - ENTRADA AGREGADA--NOMBRE PERSONAL | |
| Nombre de persona | Almeida Villalar, Luis. |
| 9 (RLIN) | 20126 |
| 740 02 - ENTRADA AGREGADA--TÍTULO RELACIONADO/ANALÍTICO NO CONTROLADO | |
| Título relacionado o analítico no controlado | Historia general de la Francmasonería. |
| 852 4# - LOCALIZACIÓN | |
| Ubicación | ES-MaACL |
| Número de control de estantería | L-13885-89 |
| Estatus retirado | Estado de pérdida | Estado de daño | No para préstamo | Colección | Biblioteca de origen | Biblioteca actual | Ubicación en estantería | Fecha de adquisición | Fuente de adquisición | Total de préstamos | Signatura topográfica completa | Código de barras | Visto por última vez | Precio de reemplazo | Tipo de ítem Koha |
|---|---|---|---|---|---|---|---|---|---|---|---|---|---|---|---|
| Colección de referencia | Biblioteca del Ateneo de Madrid | Biblioteca del Ateneo de Madrid | Depósito 2 | 17/01/2008 | L-13885-89 | 1006841 | 23/02/2023 | 23/02/2023 | Libro impreso |
